[Event "Chigorin Memorial"]
[Site "St Petersburg RUS"]
[Date "2012.10.31"]
[Round "5.66"]
[White "Pershin,Denis"]
[Black "Portisch,L"]
[Result "1/2-1/2"]
[WhiteElo "2100"]
[BlackElo "2495"]

1.e4 c5 2.Nf3 e6 3.d4 cxd4 4.Nxd4 a6 5.Nc3 Qc7 6.Be2 Nf6 7.O-O Bc5 8.Kh1 d6
9.a3 Nc6 10.Nb3 Ba7 11.Bf4 Ne5 12.Bg3 h5 13.h3 Bd7 14.Bh2 O-O-O 15.f4 Nc4
16.Bxc4 Qxc4 17.Qd3 Qxd3 18.cxd3 Bc6 19.Na5 Kd7 20.Nxc6 bxc6 21.e5 Ne8 22.Ne4 f6
23.Bg1 Bxg1 24.Kxg1 f5 25.Nxd6 Nxd6 26.exd6 Kxd6 27.Rfe1 Rb8 28.b4 Rb5 29.Rac1 a5
30.bxa5 Rxa5 31.Rc3 Rha8 32.Ra1 Ra4 33.g3 h4 34.Kf2 hxg3+ 35.Kxg3 R8a5 36.Rac1 Ra6
37.Ra1 c5 38.Kf3 R6a5 39.Ke3 Kd5 40.Ra2 e5 41.fxe5 Rh4 42.Rh2 g5 43.Kf3 Kxe5
44.Re2+ Kd4 45.Rc4+ Kxd3 46.Rxh4 gxh4 47.Re5 Kd4 48.Rxf5 Rxa3+ 49.Kg4 c4
50.Rf4+ Kc5 51.Kxh4 c3 52.Rf2 Kd4 53.Kg5 Ra5+ 54.Kg6 Ke3 55.Rh2 Ra6+ 56.Kg5 Rc6
57.Rc2 Rc5+ 58.Kg6 Kf4 59.h4 Kg4 60.Kf6 Kf4 61.h5 Rc6+ 62.Kf7 Kf5 63.h6 Rc7+
64.Kf8 Kg6 65.Ke8 Kxh6 66.Kd8 Rc4 67.Kd7 Kg5 68.Kd6 Kf4 69.Kd5 Rc8 70.Kd4 Rd8+
71.Kxc3 Rc8+ 72.Kd2 Rxc2+ 73.Kxc2  1/2-1/2

[Event "Magistral La Razon 2012"]
[Site "Villa Martelli ARG"]
[Date "2012.10.31"]
[Round "10.2"]
[White "Rodriguez Vila,A"]
[Black "Lemos,D"]
[Result "1/2-1/2"]
[WhiteElo "2541"]
[BlackElo "2542"]

1.e4 c5 2.Nf3 e6 3.d4 cxd4 4.Nxd4 a6 5.Nc3 b5 6.Be2 Bb7 7.Bf3 Ne7 8.O-O Ng6
9.e5 Qc7 10.Bxb7 Qxb7 11.f4 Bc5  1/2-1/2

[Event "Vizag GM Open 2012"]
[Site "Visakhapatnam IND"]
[Date "2012.10.31"]
[Round "8.10"]
[White "Sahoo,U"]
[Black "Harutjunyan,G"]
[Result "0-1"]
[WhiteElo "2242"]
[BlackElo "2446"]

1.e4 c5 2.Nf3 e6 3.d4 cxd4 4.Nxd4 a6 5.Nc3 Qc7 6.g3 Bb4 7.Bd2 Nf6 8.Bg2 O-O
9.O-O Be7 10.Kh1 Nc6 11.Be3 d6 12.f4 Bd7 13.Nb3 b5 14.a3 b4 15.axb4 Nxb4
16.Nd4 Rad8 17.g4 g6 18.g5 Nh5 19.f5 Rfe8 20.f6 Bf8 21.Bf3 e5 22.Nde2 Bc6
23.Bxh5 d5 24.Bg1 gxh5 25.Ng3 dxe4 26.Qxh5 e3+ 27.Nce4 Rd4 28.Bxe3 Rxe4 29.Nxe4 Bxe4+
30.Kg1 Nxc2 31.Rac1 Qb7 32.Qe2 Qb3 33.Ba7 Bd3 34.Rf3 Qxb2 35.Qxd3 Qxc1+ 36.Rf1 Nb4
37.Qe4 Bc5+ 38.Kg2 Qd2+  0-1

[Event "16th OIBM 2012"]
[Site "Bad Wiessee GER"]
[Date "2012.11.01"]
[Round "6.23"]
[White "Wacker,P"]
[Black "Valenti,G"]
[Result "0-1"]
[WhiteElo "2299"]
[BlackElo "2162"]

1.e4 c5 2.Nf3 e6 3.d4 cxd4 4.Nxd4 a6 5.Nc3 Qc7 6.Bd3 Nc6 7.Nxc6 dxc6 8.f4 e5
9.O-O Bc5+ 10.Kh1 Nf6 11.fxe5 Ng4 12.Qf3 O-O 13.Qg3 Bd4 14.Bf4 Bxe5 15.Bc4 b5
16.Bb3 Ra7 17.Ne2 Qe7 18.h3 Bxf4 19.Rxf4 Nf6 20.Qf2 Nxe4 21.Rxe4 Qxe4 22.Qxa7 Qxe2
23.Qc7 Bf5 24.Rc1 Be4 25.Qg3 Qd2 26.Rf1 Bd5 27.Bxd5 Qxd5 28.a4 Qc4 29.Qd3 Qxa4
30.b3 Qb4 31.Ra1 a5 32.c3 Qxb3 33.Rxa5 h6 34.Ra6 Qe6 35.Rb6 Qe1+ 36.Kh2 Qe5+
37.Qg3 Qe6 38.Qf4 Rd8 39.Qf3 Qd6+ 40.Qg3  0-1

[Event "Chigorin Memorial"]
[Site "St Petersburg RUS"]
[Date "2012.11.01"]
[Round "6.79"]
[White "Khanin,S"]
[Black "Atabayev,Y"]
[Result "0-1"]
[WhiteElo "2181"]
[BlackElo "2407"]

1.e4 c5 2.Nf3 e6 3.d4 cxd4 4.Nxd4 a6 5.Nc3 b5 6.Bd3 Qb6 7.Nb3 Qc7 8.O-O Bb7
9.a3 d6 10.f4 Nd7 11.Qf3 Ngf6 12.Bd2 Nc5 13.Rae1 Be7 14.Qg3 h5 15.Nxc5 dxc5
16.e5 Ng4 17.Be4 O-O-O 18.Bxb7+ Qxb7 19.Bc1 Nh6 20.Qf3 Nf5 21.Qxb7+ Kxb7
22.Ne4 Kc6 23.Rd1 Rd4 24.Rxd4 Nxd4 25.c3 Nf5 26.Rd1 Rd8 27.Rxd8 Bxd8 28.Kf2 Kd5
29.Nd2 g5 30.Nf3 g4 31.Nd2 Bb6 32.Ke2 c4 33.Nf1 Bg1 34.Bd2 Ke4 35.Bc1 Ba7
36.Bd2 h4 37.g3 h3 38.Bc1 Bg1 39.Bd2 Bxh2 40.Nxh2 Nxg3+ 41.Kf2 Nf5 42.Nxg4 Kd3
43.Be1 Kc2 44.Kg1 Kxb2 45.Nf2 Kxa3 46.Ne4 a5 47.Nd6 Kb3 48.Nxb5 a4 49.Kh2 a3
50.Nxa3 Kxa3 51.Kxh3 Ne3 52.Bd2 Nd5 53.Kg4 Kb3 54.Kg5 Nxc3 55.Bxc3 Kxc3 56.Kf6 Kd4
57.Kxf7 c3  0-1

[Event "Vizag GM Open 2012"]
[Site "Visakhapatnam IND"]
[Date "2012.11.01"]
[Round "9.1"]
[White "Petrosian,DG"]
[Black "Hossain,Enam"]
[Result "1/2-1/2"]
[WhiteElo "2459"]
[BlackElo "2481"]

1.e4 c5 2.Nf3 e6 3.d4 cxd4 4.Nxd4 a6 5.Nc3 Qc7 6.Qf3 d6 7.Qg3 Nf6 8.Bd3 g6
9.O-O Bg7 10.f4 O-O 11.Nf3 Nc6 12.Qh4 Nb4 13.Be3 Bd7 14.Bd4 Qd8 15.Rad1 Ne8
16.Qf2 Nxd3 17.Rxd3 Bxd4 18.Nxd4 Qf6 19.e5 dxe5 20.Ne4 Qxf4 21.Rf3 Qxe4 22.Rxf7 Nf6
23.Qxf6 Qxd4+ 24.Kh1 Rxf7 25.Qxf7+ Kh8 26.Qf6+ Kg8 27.Qf7+ Kh8 28.Qf6+ Kg8
29.c3 Qd6 30.Qf7+ Kh8 31.Qf6+ Kg8  1/2-1/2

[Event "TCh-NOR Eliteserien 2012-13"]
[Site "Haraldsheim NOR"]
[Date "2012.11.02"]
[Round "1"]
[White "Moen,A"]
[Black "Grandelius,N"]
[Result "0-1"]
[WhiteElo "2390"]
[BlackElo "2593"]

1.e4 c5 2.Nf3 e6 3.d4 cxd4 4.Nxd4 a6 5.Nc3 b5 6.Bd3 Qb6 7.Nf3 Qc7 8.O-O Bb7
9.Re1 Be7 10.e5 f5 11.Nh4 g6 12.Nf3 Nc6 13.a4 b4 14.Nb1 Nd8 15.Nbd2 Nf7 16.a5 Ngh6
17.Nc4 O-O 18.Be3 Ng4 19.Bb6 Qc6 20.h3 Ng5 21.hxg4 fxg4 22.Nh4 Nh3+ 23.Kh2 Nxf2
24.Bxf2 Rxf2 25.Qxg4 Bxh4 26.Ne3 Raf8 27.Re2 R8f4 28.Qh3 Rxe2 29.Bxe2 Bg5
30.Ng4 h5 31.Bf3 Qc7 32.Bxb7 Rxg4 33.Qd3 Bf4+  0-1

[Event "TCh-NOR Eliteserien 2012-13"]
[Site "Haraldsheim NOR"]
[Date "2012.11.02"]
[Round "4"]
[White "Gabrielsen,S"]
[Black "Smith,Ax"]
[Result "0-1"]
[WhiteElo "2316"]
[BlackElo "2484"]

1.e4 c5 2.Nf3 e6 3.d4 cxd4 4.Nxd4 a6 5.Nc3 b5 6.Bd3 Qb6 7.Nf3 Qc7 8.O-O Bb7
9.Re1 Be7 10.Bd2 Nf6 11.a4 b4 12.Na2 Nc6 13.c3 bxc3 14.Bxc3 a5 15.Nd4 Nxd4
16.Bxd4 e5 17.Bc3 O-O 18.Nc1 Bc6 19.Bc2 Rfe8 20.Qd2 Bc5 21.Nb3 Bb6 22.Qg5 h6
23.Qf5 Rad8 24.Nd2 d6 25.h3 Bd7 26.Qf3 Be6 27.Rac1 Qa7 28.Bb3 Bxb3 29.Nxb3 d5
30.exd5 Rxd5 31.Qg3 Qd7 32.Qh4 Qb7 33.Nd2 Bd4 34.Nc4 Bxc3 35.bxc3 e4 36.Ne3 Rh5
37.Qf4 Qd7 38.Red1 Qxa4 39.Qd6 Qb5 40.c4 Qc5 41.Qa6 Rhe5 42.Ra1 R8e6 43.Qa8+ Re8
44.Qa6 R8e6 45.Qa8+ Kh7 46.Rd2 Re7 47.Rd8 Re8 48.Rxe8 Nxe8 49.Qb7 Nd6 50.Qa6 h5
51.Rb1 f5 52.Rb6 f4 53.Rc6 Qb4 54.Nd5 Qe1+ 55.Kh2 e3 56.fxe3 Qg3+ 57.Kg1 f3  0-1

[Event "TCh-AUT 2012-13"]
[Site "Hohenems AUT"]
[Date "2012.11.02"]
[Round "1.5"]
[White "Poetz,F"]
[Black "Siebrecht,S"]
[Result "0-1"]
[WhiteElo "2411"]
[BlackElo "2481"]

1.e4 c5 2.Nf3 e6 3.d4 cxd4 4.Nxd4 a6 5.Nc3 Qc7 6.Bd3 Bd6 7.Qg4 Be5 8.Nde2 g6
9.Be3 Nc6 10.f4 Bg7 11.e5 d6 12.exd6 Qxd6 13.O-O-O Nf6 14.Qf3 Qc7 15.Kb1 O-O
16.h4 h5 17.Rhe1 Ng4 18.Bg1 Bd7 19.Ne4 Nb4 20.Bc5 Nxd3 21.Qxd3 Bb5 22.Qd6 Rfc8
23.Qxc7 Rxc7 24.Nd4 Be8 25.Bb6 Rd7 26.c3 e5 27.fxe5 Nxe5 28.Rf1 Nc4 29.Nf6+ Bxf6
30.Rxf6 Ne3 31.Rdf1 Nxf1 32.Rxf1 Rc8 33.Nf3 Re7 34.Rf2 Bc6 35.Kc2 Rce8 36.Nd4 Bd5
37.b3 Re3 38.Bc7 R3e4 39.Bf4 b5 40.Kd3 Re1 41.Kc2 Rg1 42.g3 f6 43.Kb2 Rg2
44.Rxg2 Bxg2 45.c4 bxc4 46.bxc4 Rc8  0-1

[Event "TCh-AUT 2012-13"]
[Site "Hohenems AUT"]
[Date "2012.11.02"]
[Round "1.2"]
[White "Atlas,V"]
[Black "Rotstein,A"]
[Result "1/2-1/2"]
[WhiteElo "2442"]
[BlackElo "2506"]

1.e4 c5 2.Nf3 e6 3.d4 cxd4 4.Nxd4 a6 5.Nc3 Qc7 6.g3 Bb4 7.Ne2 Nf6 8.Bg2 Be7
9.O-O Nc6 10.a4 d6 11.Nf4 Bd7 12.g4 g5 13.Nh5 Nxh5 14.gxh5 Ne5 15.a5 Bc6
16.Be3 Bf6 17.Bd4 Qe7 18.Na4 g4 19.Nb6 Rd8 20.Ra3 Rg8 21.Rg3 Rg5 22.Be3 Kf8
23.Bxg5 Bxg5 24.Rxg4 Nxg4 25.Qxg4 e5 26.Rd1 Bf4 27.c4 Qg5 28.Qxg5 Bxg5 29.b4 Ke7
30.Rb1 f5 31.exf5 Bxg2 32.Kxg2 Kf6 33.Kf3 Kxf5 34.Ke2 e4 35.Rd1 Bf4 36.Rd5+ Ke6
37.Rd4 Ke5 38.Rd5+ Ke6 39.Rd4 Ke5 40.Rd5+  1/2-1/2

[Event "Chigorin Memorial"]
[Site "St Petersburg RUS"]
[Date "2012.11.02"]
[Round "7.54"]
[White "Melnikov,D"]
[Black "Portisch,L"]
[Result "1/2-1/2"]
[WhiteElo "2292"]
[BlackElo "2495"]

1.e4 c5 2.Nf3 e6 3.Nc3 a6 4.d4 cxd4 5.Nxd4 Qc7 6.g3 Bb4 7.Bd2 Nf6 8.Bg2 Be7
9.O-O d6 10.Nb3 Nc6 11.f4 O-O 12.g4 Re8 13.g5 Nd7 14.Qh5 g6 15.Qh4 b5 16.f5 Nde5
17.Rae1 Bf8 18.Re3 Bb7 19.Rh3 h6 20.gxh6 Kh7 21.Kh1 b4 22.Nd1 a5 23.Bg5 Be7
24.Ne3 Bxg5 25.Qxg5 Qd8 26.Qf4 a4 27.Nd2 Rc8 28.Nf3 Nxf3 29.Rhxf3 exf5 30.exf5 g5
31.Qg3 Ne5 32.R3f2 Bxg2+ 33.Rxg2 f6 34.h4 Rg8 35.hxg5 Rxg5 36.Qh2 Qg8 37.Qh3 Rxg2
38.Qxg2 Qxg2+ 39.Kxg2 b3 40.cxb3 axb3 41.axb3 Rb8 42.Nd5 Rxb3 43.Nxf6+ Kxh6  1/2-1/2

[Event "FSIM Nov 2012"]
[Site "Budapest HUN"]
[Date "2012.11.03"]
[Round "1.3"]
[White "Massoni,M"]
[Black "Battey,A"]
[Result "1-0"]
[WhiteElo "2381"]
[BlackElo "2362"]

1.e4 c5 2.Nf3 e6 3.d4 cxd4 4.Nxd4 a6 5.Nc3 Qc7 6.Be2 Nf6 7.O-O Nc6 8.Be3 Be7
9.f4 d6 10.Kh1 O-O 11.a4 Bd7 12.Nb3 b6 13.Bf3 Rab8 14.g4 Bc8 15.g5 Nd7 16.Bg2 Re8
17.Qh5 g6 18.Qh4 Bb7 19.Rf2 Bf8 20.Raf1 Bg7 21.Rf3 f5 22.Rh3 Nf8 23.Qf2 Ba8
24.Rd1 b5 25.axb5 axb5 26.Qe2 Bxc3 27.bxc3 Red8 28.Bf2 fxe4 29.Bxe4 Qf7 30.Bg2 Ne7
31.Bd4 Bxg2+ 32.Qxg2 Nd5 33.Rf3 Nxf4 34.Rxf4 Qxf4 35.Rf1 Qh4 36.Qf3 Rd7 37.Nd2 h6
38.Ne4 Nh7 39.Bf2 Qh5 40.Qxh5 gxh5 41.g6 Rf8 42.gxh7+ Kxh7 43.Rd1 Rf4 44.Re1 h4
45.Bxh4 Rdf7 46.Nxd6 Rg7 47.Bg3 Rf3 48.Nxb5 h5 49.Re5 Rf5 50.Rxf5 exf5 51.Nd4 Rg5
52.Be5  1-0

[Event "TCh-NED Meesterklasse 2012-13"]
[Site "Netherland NED"]
[Date "2012.11.03"]
[Round "3.9"]
[White "Nabuurs,M"]
[Black "Lemmers,O"]
[Result "0-1"]
[WhiteElo "2248"]
[BlackElo "2372"]

1.e4 c5 2.Nf3 e6 3.Nc3 a6 4.d4 cxd4 5.Nxd4 Qc7 6.Be3 Bb4 7.Qd2 Nf6 8.Bd3 d5
9.exd5 Nxd5 10.Nde2 Nxe3 11.Qxe3 Bc5 12.Qg3 Qxg3 13.hxg3 h6 14.g4 f6 15.Ne4 Ba7
16.g5 fxg5 17.Nxg5 O-O 18.Ne4 Nc6 19.Ng1 Ne5 20.Ke2 Bd7 21.Nh3 Rac8 22.Rac1 Rc7
23.f3 Bd4 24.c3 Ba7 25.Nhf2 Ng6 26.Nh3 Nh4 27.Rh2 Bc6 28.Nhf2 Ng6 29.g3 Ne5
30.f4 Nxd3 31.Kxd3 e5 32.fxe5 Rcf7 33.Rc2 b5 34.Re2 Re7 35.Ng4 Bd7 36.Rh4 Bb8
37.Nd6 Rf3+ 38.Kd2 Re6 39.Nh2 Rxg3 40.Rd4 Bxd6 41.Rxd6 Rxd6+ 42.exd6 Rg6
43.Nf3 Rxd6+ 44.Nd4 Kf7 45.Ke3 g5 46.Kf3 h5 47.Re3 h4 48.b3 b4 49.Ne2 Rf6+
50.Kg2 bxc3 51.Nxc3 g4 52.Kg1 Rd6 53.Ne4 Rd1+ 54.Kf2 Kg6 55.a4 Kf5 56.Ke2 Rd4
57.Nc5 h3  0-1

[Event "Chigorin Memorial"]
[Site "St Petersburg RUS"]
[Date "2012.11.03"]
[Round "8.45"]
[White "Oparin,G"]
[Black "Pyatin,A"]
[Result "1-0"]
[WhiteElo "2484"]
[BlackElo "2091"]

1.e4 c5 2.Nf3 e6 3.d4 cxd4 4.Nxd4 a6 5.Nc3 Ne7 6.Be2 Nbc6 7.Be3 b5 8.O-O Nxd4
9.Qxd4 Nc6 10.Qd2 Be7 11.Rad1 O-O 12.Bf4 Qa5 13.a3 Rd8 14.Qe3 d6 15.Qg3 Qc7
16.Bh6 Bf6 17.Bg5 Bxg5 18.Qxg5 Bb7 19.Rd3 f6 20.Qh4 Qe7 21.Rh3 g6 22.f4 f5
23.Qf2 Qf6 24.Re1 Rd7 25.Re3 Rf8 26.exf5 Qxf5 27.h3 Nd4 28.Bg4 Qxf4 29.Qxf4 Rxf4
30.Bxe6+ Nxe6 31.Rxe6 d5 32.Re7 Rf7 33.Rxf7 Kxf7 34.Ne2 Re7 35.Rf1+ Ke6 36.Nd4+ Kd6
37.b4 Re4 38.c3 Re3 39.Rf6+ Kc7 40.Rf7+ Kb8 41.Rf3 Re1+ 42.Kf2 Ra1 43.Ke3 Rxa3
44.Kf4 Ra1 45.Ke5 Re1+ 46.Kd6 Re8 47.g4 h6 48.Kd7 Re5 49.Nb3 h5 50.Nc5 hxg4
51.hxg4 d4 52.Rf8+ Ka7 53.cxd4 Re2 54.Rf7 Rd2 55.Ke6 Rxd4 56.Rxb7+ Ka8 57.Rb6 Rxg4
58.Kd7 Rf4 59.Rxa6+ Kb8 60.Rf6 Rxb4 61.Na6+  1-0

[Event "TCh-CZE Extraliga 2012-13"]
[Site "Czech Republic CZE"]
[Date "2012.11.04"]
[Round "2.1"]
[White "Zvara,P"]
[Black "Kryvoruchko,Y"]
[Result "0-1"]
[WhiteElo "2419"]
[BlackElo "2679"]

1.e4 c5 2.Nf3 e6 3.d4 cxd4 4.Nxd4 a6 5.Nc3 b5 6.Bd3 Qb6 7.Nf3 Qc7 8.O-O Bb7
9.Re1 Be7 10.e5 f5 11.Bf4 Nh6 12.Qe2 O-O 13.Bxh6 gxh6 14.a4 b4 15.Nb1 Kh8
16.Nbd2 Rg8 17.Nc4 Nc6 18.Qe3 Na5 19.Nxa5 Qxa5 20.Kf1 Rg6 21.g3 Bc5 22.Nd4 Ba7
23.Be2 Rc8 24.Nc6 Qd5  0-1

[Event "TCh-AUT 2012-13"]
[Site "Hohenems AUT"]
[Date "2012.11.04"]
[Round "3.2"]
[White "Atlas,V"]
[Black "Weiss,C"]
[Result "1/2-1/2"]
[WhiteElo "2442"]
[BlackElo "2406"]

1.e4 c5 2.Nf3 e6 3.d4 cxd4 4.Nxd4 a6 5.Nc3 Qc7 6.g3 Nf6 7.Bg2 Nc6 8.O-O Nxd4
9.Qxd4 Bc5 10.Bf4 d6 11.Qd2 h6 12.Rad1 e5 13.Be3 Bg4 14.Bxc5 dxc5 15.f3 Be6
16.Nd5 Bxd5 17.exd5 Qd6 18.f4 exf4 19.Rfe1+ Kf8 20.Qxf4 Rd8 21.c4 b6 22.Rd3 Qxf4
23.gxf4 Ne8 24.d6 Nxd6 25.Bc6 g6 26.Rd5 h5 27.h4 Rg8 28.Kf1 Rh8 29.a4 a5
30.Re3 Rg8 31.Kg2 Rh8 32.Kf3 Rg8 33.Re1 Rh8 34.Re2 Rg8 35.Re3 Rh8 36.Rb3 Ke7
37.Rxb6 Nxc4 38.Rb7+ Kf6 39.Rxc5 Nd6 40.Rb6 Rb8 41.Rxb8 Rxb8 42.Bd5 Rxb2
43.Rxa5 Rd2 44.Ke3 Rd1 45.Rc5 Nf5+ 46.Ke2 Rd4 47.a5 Rxf4 48.Rc4 Rxc4 49.Bxc4 Nd4+
50.Ke3 Nc6 51.a6 g5 52.hxg5+ Kxg5 53.Bxf7 Kf6 54.Be8 Na7 55.Kd4 Ke7 56.Bxh5 Kd6
57.Bf3 Kc7 58.Kc5 Nc8 59.Bb7 Na7 60.Be4 Nc8 61.Bd5 Na7 62.Bb7 Nc8 63.Bd5  1/2-1/2

[Event "TCh-HUN 2012-13"]
[Site "Nagykanizsa HUN"]
[Date "2012.11.04"]
[Round "3"]
[White "Zsirai,P"]
[Black "Kovacs,Adr"]
[Result "0-1"]
[WhiteElo "2195"]
[BlackElo "2228"]

1.e4 c5 2.Nf3 e6 3.d4 cxd4 4.Nxd4 a6 5.Nc3 Qc7 6.Bd3 Nf6 7.f4 d6 8.Qf3 Nbd7
9.g4 Nc5 10.g5 Nfd7 11.O-O g6 12.Be3 Bg7 13.Rac1 b6 14.b4 Nb7 15.Nce2 Nd8
16.c4 Bb7 17.Nb3 Nc6 18.Bd2 h6 19.gxh6 Rxh6 20.b5 Ncb8 21.Qg3 Rh8 22.Be3 Nf6
23.Nc3 Nbd7 24.bxa6 Bxa6 25.Nb5 Bxb5 26.cxb5 Qb7 27.Qg2 Nc5 28.Nxc5 dxc5
29.Bb1 Ra3 30.Rfe1 Rh4 31.h3 Nh5 32.Rcd1 Nxf4 33.Bxf4 Rxf4 34.Qg5 Qc7 35.e5 Rff3
36.Kg2 Rxh3 37.Be4 Rhg3+ 38.Qxg3 Rxg3+ 39.Kxg3 Bxe5+ 40.Kf3 Bd4 41.Rh1 Qa7
42.Rh2 Qa4 43.Bc6+ Ke7 44.Rd3 e5 45.Re2 f5 46.Kg2 e4 47.Rh3 Qd1  0-1

[Event "Chigorin Memorial"]
[Site "St Petersburg RUS"]
[Date "2012.11.04"]
[Round "9.14"]
[White "Shirov,A"]
[Black "Baghdasaryan,V"]
[Result "1-0"]
[WhiteElo "2718"]
[BlackElo "2373"]

1.e4 c5 2.Nf3 e6 3.d4 cxd4 4.Nxd4 a6 5.Nc3 Qc7 6.Bd3 Nf6 7.f4 d6 8.Be3 b5
9.a3 Bb7 10.Qe2 Nbd7 11.O-O Be7 12.Rae1 h5 13.Nf3 h4 14.Ng5 Nc5 15.Bd4 Nh5
16.Nh3 Rd8 17.Kh1 Nf6 18.Rd1 e5 19.Bg1 Bc8 20.Nd5 Nxd5 21.exd5 Bxh3 22.gxh3 Nxd3
23.Rxd3 Bf6 24.Rc3 Qb7 25.Rc6 O-O 26.Qg2 Rfe8 27.f5 e4 28.Be3 Rd7 29.Bh6 Kh7
30.Bg5 Bxg5 31.Qxg5 f6 32.Qh5+  1-0

[Event "Chigorin Memorial"]
[Site "St Petersburg RUS"]
[Date "2012.11.04"]
[Round "9.121"]
[White "Kantyshev,N"]
[Black "Naslund,M"]
[Result "1-0"]
[WhiteElo "1898"]
[BlackElo "2142"]

1.e4 c5 2.Nf3 e6 3.d4 cxd4 4.Nxd4 a6 5.Nc3 Qc7 6.Be2 b5 7.a3 Nf6 8.O-O Bb7
9.Bf3 Nc6 10.Re1 Nxd4 11.Qxd4 Bc5 12.Qd3 d6 13.e5 dxe5 14.Nxb5 Qb6 15.Nd6+ Qxd6
16.Qxd6 Bxd6 17.Bxb7 Ra7 18.Bc6+ Ke7 19.Bd2 Rc8 20.Ba4 Nd5 21.Rad1 Nb6 22.Bb3 Nc4
23.Bc3 Nxa3 24.Rxd6 Nxc2 25.Red1 Nd4 26.Bxd4 exd4 27.R6xd4 Rb8 28.R4d3 a5
29.Ra1 Rab7 30.Ra3 g6 31.h3 h5 32.Ba2 Rxb2 33.Rxa5 R8b7 34.Rda3 Rd7 35.Ra7 Rxa7
36.Rxa7+ Kf6 37.Bc4 Rb1+ 38.Kh2 Rb4 39.Bd3 Rb3 40.Rd7 Rb2 41.Kg3 Ra2 42.f4 Rb2
43.Kf3 h4 44.Rd4 Rd2 45.Rd7 Rb2 46.Be4 Rb3+ 47.Rd3 Rb4 48.Re3 Kg7 49.Bd3 Rd4
50.Be2 Rb4 51.Kg4 Kf6 52.Bf3 Kg7 53.Kg5 f6+ 54.Kxh4 Rxf4+ 55.Kg3 e5 56.Rc3 Rd4
57.Rc7+ Kh6 58.Re7 Kg5 59.Kf2 Rd6 60.g3 Rb6 61.Be2 Ra6 62.h4+ Kh6 63.Ke3 Rb6
64.g4 Rd6 65.Bd3 Rd4 66.h5 gxh5 67.Rh7+ Kg5 68.gxh5 f5 69.Be2 Rh4 70.Rg7+ Kf6
71.Rg6+ Ke7 72.Rh6 Kf7 73.Bd1 Rh3+ 74.Kf2 f4 75.Bg4 Rh4 76.Bf5 Kg7 77.Rg6+ Kf7
78.Rc6 Kg7 79.Rg6+ Kf8 80.h6 Kf7 81.Rc6 Rh2+ 82.Kg1 Rh4 83.h7 Ke7 84.Rc8  1-0

[Event "Subzonal 2.3 2012"]
[Site "Pamplona COL"]
[Date "2012.11.05"]
[Round "1.17"]
[White "Lopez,CM CUB"]
[Black "Casas,Julio Eduardo"]
[Result "1-0"]
[WhiteElo "2300"]
[BlackElo "2012"]

1.e4 c5 2.Nf3 e6 3.d4 cxd4 4.Nxd4 a6 5.Nc3 Bb4 6.Bd3 Qc7 7.Bd2 Nc6 8.Nxc6 dxc6
9.Qg4 g6 10.f4 Bd7 11.Qf3 O-O-O 12.Qf2 h5 13.Qd4 Bxc3 14.Bxc3 f6 15.Qe3 c5
16.O-O h4 17.h3 Bb5 18.Bxb5 axb5 19.b4 cxb4 20.Bxb4 Qc4 21.c3 Rd3 22.Qa7 Kc7
23.Ba5+ Kd7 24.Qxb7+ Ke8 25.Qg7 Qc5+ 26.Kh1 Qh5 27.Bb4 Qh7 28.Qf8+ Kd7 29.Rad1  1-0

[Event "FSIM Nov 2012"]
[Site "Budapest HUN"]
[Date "2012.11.06"]
[Round "3.3"]
[White "Atnilov,M"]
[Black "Szeberenyi,A"]
[Result "1/2-1/2"]
[WhiteElo "2099"]
[BlackElo "2347"]

1.e4 c5 2.Nf3 e6 3.d4 cxd4 4.Nxd4 a6 5.Nc3 Qc7 6.Bd3 Nf6 7.O-O Nc6 8.Nxc6 dxc6
9.f4 e5 10.Kh1 Bc5 11.f5 h5 12.Qf3 Ng4 13.g3  1/2-1/2

[Event "Subzonal 2.3 2012"]
[Site "Pamplona COL"]
[Date "2012.11.06"]
[Round "4.7"]
[White "Gallego Alcaraz,A"]
[Black "Martinez,Jor"]
[Result "0-1"]
[WhiteElo "2410"]
[BlackElo "2219"]

1.e4 c5 2.Nf3 e6 3.d4 cxd4 4.Nxd4 a6 5.Nc3 Qc7 6.f4 d6 7.Bd3 Nf6 8.Qe2 h5
9.f5 e5 10.Nf3 Nbd7 11.a4 b6 12.Bc4 Be7 13.Ng5 O-O 14.h3 Bb7 15.g4 Rac8 16.Bxa6 d5
17.Bxb7 Qxb7 18.gxh5 Bb4 19.Bd2 d4 20.Na2 Bxd2+ 21.Kxd2 Nc5 22.Rag1 Ncxe4+
23.Nxe4 Qxe4 24.Qxe4 Nxe4+ 25.Kc1 Kh7 26.Nb4 Rc4 27.Nd5 Rxa4 28.b3 Ra2 29.Nb4 Ra5
30.Kb2 Rfa8 31.Rg2 f6 32.Rhg1 R5a7 33.h6 gxh6 34.Rg6 Nc3 35.R1g3 Rc8 36.R3g4 Nd1+
37.Kc1 Ne3 38.Nd5 Nxg4 39.hxg4 Ra2 40.Nxf6+ Kh8 41.c4 Rh2 42.Nh5 Rf2 43.Rxh6+ Kg8
44.Nf6+ Kg7 45.Rg6+ Kf7 46.Ne4 Rf1+ 47.Kb2 Ra8 48.Rf6+ Ke7 49.Rxb6 Rfa1 50.Rb7+ Kf8
51.b4 R1a2+ 52.Kb1 Ra1+ 53.Kb2 R8a2+ 54.Kb3 Re2 55.Ng5 Re3+ 56.Kb2 Rg1 57.Kc2 Rg2+
58.Kd1 Ra3 59.Ne6+ Ke8 60.Rb8+ Kd7 61.Rd8+ Kc6  0-1

[Event "Subzonal 2.3 2012"]
[Site "Pamplona COL"]
[Date "2012.11.07"]
[Round "5.5"]
[White "Arenas,D"]
[Black "Torres,Ju2"]
[Result "1/2-1/2"]
[WhiteElo "2443"]
[BlackElo "2316"]

1.e4 c5 2.Nf3 e6 3.d4 cxd4 4.Nxd4 a6 5.Nc3 Qc7 6.f4 d6 7.Bd3 Nf6 8.Qe2 Nbd7
9.Bd2 Be7 10.O-O b5 11.Kh1 Bb7 12.b4 O-O 13.a4 bxa4 14.Rxa4 Nb6 15.Raa1 d5
16.e5 Ne4 17.Nxe4 dxe4 18.Bxe4 Bxe4 19.Qxe4 Qc4 20.c3 g6 21.Rf3 Nd5 22.Qd3 Rfc8
23.f5 exf5 24.Nxf5 Bf8 25.Nd6 Bxd6 26.exd6 Nb6 27.Bg5 Nd7 28.Qxc4 Rxc4 29.Re1 f6
30.Re7 Rd8 31.Bf4 Nb6 32.Bg3 Nd5 33.Re1 Rxc3 34.Rxc3 Nxc3 35.Re7 Nd5 36.Rb7 h5
37.h3 Kf8 38.Kg1 Ke8 39.b5 axb5 40.Rxb5 Nc3  1/2-1/2

[Event "Subzonal 2.3 2012"]
[Site "Pamplona COL"]
[Date "2012.11.07"]
[Round "5.2"]
[White "Sanchez L,S"]
[Black "Zuluaga,C"]
[Result "1/2-1/2"]
[WhiteElo "2282"]
[BlackElo "2370"]

1.e4 c5 2.Nf3 e6 3.d4 cxd4 4.Nxd4 a6 5.Nc3 Qc7 6.Bd3 Nf6 7.Qe2 d6 8.f4 Nbd7
9.g4 Nc5 10.g5 Nfd7 11.Bd2 g6 12.h4 Bg7 13.Nf3 b5 14.h5 Bb7 15.h6 Bf8 16.b4 Nxd3+
17.cxd3 Be7 18.Rc1 Rc8 19.O-O Qb8 20.f5 e5 21.fxg6 hxg6 22.Nh2 O-O 23.Ng4 Kh7
24.Rf3 f5 25.gxf6 Bd8 26.Rcf1 Rf7 27.Ne3 Bb6 28.Kh1 Bxe3 29.Qxe3 Rcf8 30.Qf2 Rxf6
31.Qh4 Qd8 32.Bg5 Rxf3 33.Rxf3 Qe8 34.Qf2 Rxf3 35.Qxf3 Qe6 36.Kg2 Kg8 37.Kg3 Bc6
38.Qf2 d5 39.exd5 Bxd5 40.Nxd5 Qxd5 41.Qf3 e4 42.Qe3 Qxd3 43.Qxd3 exd3 44.Kf3 Ne5+
45.Ke4 Nc6 46.Bd2 Kh7 47.Kxd3 g5 48.Ke4 Kxh6 49.Kd5 Ne7+ 50.Ke6 Nc6 51.Kd5 Ne7+
52.Ke6  1/2-1/2

[Event "WY GU16 2012"]
[Site "Maribor SLO"]
[Date "2012.11.08"]
[Round "1.43"]
[White "Amra,T"]
[Black "Tomin,Ks"]
[Result "0-1"]
[WhiteElo "1574"]
[BlackElo "1951"]

1.e4 c5 2.Nf3 e6 3.d4 cxd4 4.Nxd4 a6 5.Nc3 Qc7 6.a3 d6 7.Be3 Be7 8.Be2 Nf6
9.O-O b6 10.f4 Bb7 11.Qd3 Nbd7 12.Nb3 O-O 13.Rad1 Rac8 14.Bf3 b5 15.Qd4 Rfd8
16.g4 Nc5 17.g5 Ne8 18.Nc1 Bf8 19.f5 Qe7 20.Bg2 Nd7 21.Bf4 e5 22.Qa7 exf4
23.Qxb7 Qxg5 24.N1e2 Nc5 25.Qd5 Nf6 26.Qd4 d5 27.exd5 Qxf5 28.Rxf4 Qg6 29.Qe3 Bd6
30.Rh4 Ng4 31.Qf3 h5 32.h3 Qg5 33.Rxg4 hxg4 34.Qxg4 Qe3+ 35.Kh1 Qe5 36.Kg1 Nd7
37.b4 Rxc3 38.Nxc3 Qxc3 39.Qg5 Re8 40.Qd2 Qg3 41.Kf1 Bf4 42.Qd3 Re3 43.Qf5 Rf3+
44.Bxf3 Qxf3+ 45.Ke1 Bg3+  0-1

[Event "WY BU14 2012"]
[Site "Maribor SLO"]
[Date "2012.11.08"]
[Round "1.50"]
[White "Jarc,Jakob"]
[Black "Badalyan,Shavarsh"]
[Result "1-0"]
[WhiteElo "1698"]
[BlackElo "2081"]

1.e4 c5 2.Nf3 e6 3.d4 cxd4 4.Nxd4 a6 5.Nc3 Qc7 6.Bd3 Nf6 7.O-O Nc6 8.Nxc6 dxc6
9.h3 e5 10.Be3 Be6 11.Qe2 Be7 12.Rad1 b5 13.a3 O-O 14.f4 exf4 15.Bxf4 Qb6+
16.Kh1 Rad8 17.Bg5 Qc7 18.Qf3 Ng4 19.Bf4 Ne5 20.Qg3 f6 21.Be2 a5 22.Qe3 b4
23.axb4 axb4 24.Na4 c5 25.b3 Qc6 26.Nb2 Rd4 27.Bxe5 Rxe4 28.Qd3 Rxe5 29.Bf3 Qc8
30.Nc4 Rg5 31.Be4 Rd8 32.Qf3 Qc7 33.Bxh7+ Kh8 34.Rxd8+ Bxd8 35.Bd3 g6 36.Re1 Bd5
37.Be4 Bf7 38.Bd3 Kg7 39.Ne3 Qe5 40.Rd1 Bc7 41.Nf1  1-0

[Event "WY BU18 2012"]
[Site "Maribor SLO"]
[Date "2012.11.08"]
[Round "1"]
[White "Ahvenjarvi,Jani"]
[Black "Swiercz,D"]
[Result "1/2-1/2"]
[WhiteElo "2218"]
[BlackElo "2611"]

1.e4 c5 2.Nf3 e6 3.Nc3 a6 4.d4 cxd4 5.Nxd4 Qc7 6.Bd3 Nf6 7.O-O b5 8.Re1 Bb7
9.e5 Nd5 10.Nxd5 Bxd5 11.Bf4 Nc6 12.Be4 Bxe4 13.Rxe4 Bc5 14.Nxc6 Qxc6 15.Qd3 f5
16.exf6 gxf6 17.Rae1 f5 18.R4e2 Rg8 19.g3 O-O-O 20.Rc1 Rg4 21.Be3 Bxe3 22.Rxe3 Rdg8
23.Qe2 Rc4 24.c3 f4 25.Rd3 fxg3 26.hxg3 Rh4 27.Qf3 Qxf3 28.Rxf3 Re4 29.Kf1 h5
30.Re1 Ra4 31.a3 h4 32.Kg2 hxg3 33.fxg3 Rg7 34.Rh1 Kc7 35.Kf2 Rag4 36.Rh4 R4g5
37.a4 Kc6 38.axb5+ axb5 39.Rh8 Rd5 40.Ke2 Rdg5 41.Kf2 Kc7 42.Re3 Rd5 43.Ke2 Kc6
44.Rh4 Rdg5 45.Kf2 Kc5 46.Rh8 Rd5 47.Ke2 Rf5 48.Rf3 Rfg5 49.Kf2 Kc4 50.Rh4+ Kd5
51.Rh8 Kd6 52.Rd3+ Kc7 53.Ra8 Rf5+ 54.Kg2 Re5 55.Ra7+ Kc6 56.b4 Reg5 57.Ra6+ Kb7
58.Ra5 Kb6 59.Rd6+ Kc7 60.Rd3 Kb7 61.Kf2 Rf5+ 62.Kg2 Re5 63.Kf2 Rf7+ 64.Kg2 Rg5
65.Rd2 Rfg7 66.Rd3 Rh5 67.Rd2 Rgh7 68.Kf3 Kb6 69.Rd6+ Kc7 70.Rd3 Rf5+ 71.Kg2 Rhf7
72.Ra7+ Kc6 73.Ra6+ Kb7 74.Ra5 Rf2+ 75.Kh3 Rh7+ 76.Kg4 Rf5 77.Ra2 Rg7+ 78.Kh3 Kb6
79.Rd6+ Kc7 80.Rd3 Rfg5 81.Ra7+ Kb6 82.Raxd7 Rxg3+ 83.Rxg3 Rxd7 84.Re3  1/2-1/2

[Event "WY GU16 2012"]
[Site "Maribor SLO"]
[Date "2012.11.08"]
[Round "1.9"]
[White "Chetina,E"]
[Black "Nandhidhaa,P"]
[Result "0-1"]
[WhiteElo "1819"]
[BlackElo "2166"]

1.e4 c5 2.Nf3 e6 3.d4 cxd4 4.Nxd4 a6 5.Nc3 Qc7 6.Be2 b5 7.a3 Bb7 8.f3 Nf6
9.Be3 d6 10.O-O Nbd7 11.Qe1 Be7 12.Qg3 O-O 13.Rad1 Rfd8 14.Bd3 Nc5 15.Rfe1 Rac8
16.Bf1 Kh8 17.Kh1 g6 18.Bg5 Nh5 19.Qh4 Bxg5 20.Qxg5 e5 21.Nde2 Ne6 22.Qc1 Qc5
23.b4 Qf2 24.Rd2 Qe3 25.Rxd6 Rxc3 26.Rxd8+ Nxd8 27.Nxc3 Qxc3 28.Rd1 Qc7 29.c4 bxc4
30.Bxc4 Kg7 31.Qc2 Ne6 32.Qd3 Nhf4 33.Qf1 Qc8 34.g3 Nh5 35.Rc1 Nf6 36.Qd1 Qe8
37.Qd6 Ng5 38.Be2 Nfxe4 39.Qb6 Qd7 40.fxe4 Bxe4+ 41.Kg1 Qd2 42.Qc5 Qxe2  0-1